| 000 | 00440nam a22001457a 4500 | ||
|---|---|---|---|
| 005 | 20260303123657.0 | ||
| 008 | 260303b |||||||| |||| 00| 0 eng d | ||
| 020 | _a978-9914-55-238-6 | ||
| 100 | _aOMOLLO, HESBORNE O. | ||
| 245 | _aEXCELLING PHYSICS: LEARNER'S BOOK , GRADE 10 | ||
| 260 |
_aNAIROBI _bKENYA LITERATURE BUREAU _c2025 |
||
| 300 | _aIV, 300P. | ||
| 650 | _aPHYSICS-TEXTBOOK- STUDY AND TEACHING (SECONDARY) | ||
| 942 |
_2lcc _cBK |
||
| 999 |
_c216763 _d216763 |
||